[Event "Bundesliga 1213"]
[Site "Germany"]
[Date "2013.03.16"]
[Round "11.4"]
[White "Chuchelov, Vladimir"]
[Black "Heidrich, Manfred"]
[Result "1-0"]
[WhiteElo "2543"]
[BlackElo "2296"]
[PlyCount "63"]
[EventDate "2012.10.20"]
[EventType "team-tourn"]
[EventRounds "15"]
[EventCountry "GER"]
[SourceTitle "CBM 154"]
[Source "ChessBase"]
[SourceDate "2013.05.15"]
[SourceVersion "1"]
[SourceVersionDate "2013.05.15"]
[SourceQuality "1"]
[WhiteTeam "Katernberg"]
[BlackTeam "Forchheim"]
[WhiteTeamCountry "GER"]
[BlackTeamCountry "GER"]

1. d4 f5 2. g3 Nf6 3. Bg2 g6 4. c3 Bg7 5. Nh3 Nc6 6. Qb3 e6 7. Nd2 0-0 8. Nf4 Qe8 9. h4 Qf7 10. e4 Kh8 11. e5 Ng4 12. h5 gxh5 13. Nf3 Bh6 14. Nxh5 Bxc1 15. Rxc1 Rg8 16. Kf1 d6 17. Re1 Bd7 18. Nf4 Qg7 19. Qc2 Rae8 20. Qd2 Re7 21. Nh5 Qg6 22. Qf4 dxe5 23. Nxe5 Ngxe5 24. dxe5 Rf8 25. Rh4 Rd8 26. Nf6 Rg7 27. Rh6 Qf7 28. Bf3 Qe7 29. Kg2 Be8 30. Reh1 Bg6 31. Bxc6 bxc6 32. Rxg6 1-0

[Event "Bundesliga 1213"]
[Site "Germany"]
[Date "2013.02.03"]
[Round "8"]
[White "Horvath, Peter"]
[Black "Chuchelov, Vladimir"]
[Result "0-1"]
[WhiteElo "2434"]
[BlackElo "2543"]
[PlyCount "52"]
[EventDate "2012.10.20"]
[EventType "team-tourn"]
[EventRounds "15"]
[EventCountry "GER"]
[SourceTitle "CBM 153"]
[Source "ChessBase"]
[SourceDate "2013.03.14"]
[SourceVersion "1"]
[SourceVersionDate "2013.03.14"]
[SourceQuality "1"]
[WhiteTeam "Griesheim"]
[BlackTeam "Katernberg"]
[WhiteTeamCountry "GER"]
[BlackTeamCountry "GER"]

1. d4 d5 2. c4 c6 3. Nf3 Nf6 4. Nc3 dxc4 5. a4 e6 6. e3 c5 7. Bxc4 Nc6 8. 0-0 cxd4 9. exd4 Be7 10. d5 exd5 11. Nxd5 Nxd5 12. Qxd5 Be6 13. Qxd8+ Rxd8 14. Bxe6 fxe6 15. Be3 Rf8 16. Rfd1 Rf5 17. Rxd8+ Kxd8 18. Rd1+ Ke8 19. Nd4 Rd5 20. Rd2 Bb4 21. Nxe6 Rxd2 22. Bxd2 Bxd2 23. Nxg7+ Kf7 24. Nf5 Ke6 25. Ng3 Bc1 26. b3 Nd4 0-1

[Event "Bundesliga 1213"]
[Site "Germany"]
[Date "2012.10.21"]
[Round "2.5"]
[White "Chuchelov, Vladimir"]
[Black "Acs, Peter"]
[Result "1-0"]
[WhiteElo "2543"]
[BlackElo "2586"]
[PlyCount "111"]
[EventDate "2012.10.20"]
[EventType "team-tourn"]
[EventRounds "15"]
[EventCountry "GER"]
[SourceTitle "CBM 151"]
[Source "ChessBase"]
[SourceDate "2012.11.13"]
[SourceVersion "1"]
[SourceVersionDate "2012.11.13"]
[SourceQuality "1"]
[WhiteTeam "Katernberg"]
[BlackTeam "Eppingen"]
[WhiteTeamCountry "GER"]
[BlackTeamCountry "GER"]

1. Nf3 d5 2. d4 Nf6 3. c4 c6 4. e3 Bg4 5. h3 Bxf3 6. Qxf3 e6 7. Nc3 Nbd7 8. Bd3 Bb4 9. Bd2 0-0 10. a3 Ba5 11. 0-0 e5 12. cxd5 cxd5 13. dxe5 Nxe5 14. Qf5 Re8 15. Bb5 Nc6 16. Rfd1 a6 17. Bf1 d4 18. Be1 Qd6 19. g3 Bb6 20. Bg2 Rad8 21. Ne2 Qb8 22. Nxd4 Bxd4 23. Bxc6 bxc6 24. exd4 Qxb2 25. Qc5 Re6 26. Rab1 Qe2 27. Qf5 Rde8 28. Bb4 g6 29. Qd3 Qh5 30. Kg2 Qd5+ 31. Qf3 Ne4 32. Qb3 Qf5 33. Rb2 Ng5 34. h4 Qh3+ 35. Kg1 Ne4 36. Qf3 g5 37. d5 Rf6 38. Qg2 Qg4 39. Rd3 gxh4 40. f3 h3 41. fxg4 hxg2 42. d6 Nxd6 43. Bxd6 Rg6 44. Rd4 Rg5 45. Kxg2 Kg7 46. Bf4 Ra5 47. a4 h5 48. g5 Re6 49. Kf3 f6 50. Rb7+ Kg6 51. gxf6 Kxf6 52. Rdd7 Rxa4 53. Rf7+ Kg6 54. Rg7+ Kf5 55. Rg5+ Kf6 56. Rxh5 1-0

[Event "NED-chT 1112"]
[Site "Netherlands"]
[Date "2011.12.17"]
[Round "4.5"]
[White "Riemens, Michael"]
[Black "Chuchelov, Vladimir"]
[Result "0-1"]
[WhiteElo "2262"]
[BlackElo "2538"]
[PlyCount "66"]
[EventDate "2011.09.17"]
[EventType "team-tourn"]
[EventRounds "9"]
[EventCountry "NED"]
[SourceTitle "EXT 2013"]
[Source "ChessBase"]
[SourceDate "2012.11.22"]
[SourceVersion "1"]
[SourceVersionDate "2012.11.22"]
[SourceQuality "1"]
[WhiteTeam "Groningen"]
[BlackTeam "Hilversum HSG"]
[WhiteTeamCountry "NED"]
[BlackTeamCountry "NED"]

1. e4 c5 2. Nf3 e6 3. c3 d5 4. exd5 Qxd5 5. d4 Nf6 6. Bd3 Be7 7. 0-0 0-0 8. Be3 Rd8 9. Qe2 Nc6 10. a3 b6 11. Rd1 cxd4 12. cxd4 Bb7 13. Nc3 Qd6 14. Rac1 Rac8 15. Bb1 Qb8 16. Ba2 h6 17. d5 exd5 18. Nxd5 Nxd5 19. Bxd5 Bf6 20. h3 Rd7 21. b4 Rcd8 22. Bb3 Ne7 23. Ba4 Rxd1+ 24. Rxd1 Nd5 25. Bb3 Nc3 26. Rxd8+ Qxd8 27. Qd2 Qe7 28. Ne1 Bc6 29. Bc2 Nd5 30. Ba4 Bc3 31. Qd3 Bxe1 32. b5 Bb7 33. Kf1 Ba5 0-1

[Event "NED-chT 1112"]
[Site "Netherlands"]
[Date "2011.11.26"]
[Round "3.1"]
[White "Chuchelov, Vladimir"]
[Black "Zaragatski, Ilja"]
[Result "1/2-1/2"]
[WhiteElo "2538"]
[BlackElo "2474"]
[PlyCount "56"]
[EventDate "2011.09.17"]
[EventType "team-tourn"]
[EventRounds "9"]
[EventCountry "NED"]
[SourceTitle "EXT 2013"]
[Source "ChessBase"]
[SourceDate "2012.11.22"]
[SourceVersion "1"]
[SourceVersionDate "2012.11.22"]
[SourceQuality "1"]
[WhiteTeam "Hilversum HSG"]
[BlackTeam "Apeldoorn"]
[WhiteTeamCountry "NED"]
[BlackTeamCountry "NED"]

1. Nf3 Nf6 2. c4 c5 3. Nc3 e6 4. g3 b6 5. Bg2 Bb7 6. 0-0 Be7 7. d4 cxd4 8. Qxd4 d6 9. Bg5 a6 10. Bxf6 Bxf6 11. Qf4 Ra7 12. Rfd1 Be7 13. Ne4 Bxe4 14. Qxe4 0-0 15. Nd4 Rc7 16. b3 Rc5 17. a4 Qc7 18. Qb1 Nd7 19. Ra2 Nf6 20. Rc2 Rc8 21. Rdd2 Qd7 22. e3 R8c7 23. Qf1 Qc8 24. Qd3 Bf8 25. Bh3 Rh5 26. Bg2 Rhc5 27. Bh3 Rh5 28. Bg2 Rhc5 1/2-1/2

[Event "Bundesliga 1011"]
[Site "Germany"]
[Date "2011.02.27"]
[Round "11.2"]
[White "Chuchelov, Vladimir"]
[Black "Gashimov, Vugar"]
[Result "0-1"]
[WhiteElo "2565"]
[BlackElo "2719"]
[PlyCount "74"]
[EventDate "2010.10.09"]
[EventType "team-tourn"]
[EventRounds "15"]
[EventCountry "GER"]
[SourceTitle "EXT 2012"]
[Source "ChessBase"]
[SourceDate "2011.11.24"]
[SourceVersion "1"]
[SourceVersionDate "2011.11.24"]
[SourceQuality "1"]
[WhiteTeam "Katernberg"]
[BlackTeam "Werder Bremen"]
[WhiteTeamCountry "GER"]
[BlackTeamCountry "GER"]

1. d4 Nf6 2. Nf3 c5 3. d5 d6 4. Nc3 g6 5. e4 Bg7 6. Be2 0-0 7. 0-0 Bg4 8. h3 Bxf3 9. Bxf3 Na6 10. Re1 Nd7 11. Be2 Nc7 12. a4 a6 13. Bg5 Rb8 14. Qd2 b5 15. axb5 axb5 16. Ra7 Re8 17. Rea1 c4 18. Re1 Nc5 19. Bf1 b4 20. Nd1 Nb5 21. Ra2 c3 22. Qc1 cxb2 23. Nxb2 Nc3 24. Ra7 N5xe4 25. Qe3 Nxg5 26. Qxg5 Bf6 27. Qd2 Qc8 28. Nc4 Nb5 29. Ra5 Bc3 30. Qd1 Bxe1 31. Qxe1 Nc3 32. Qe3 Qc7 33. Ra7 Qc5 34. Qxc5 dxc5 35. d6 exd6 36. Nxd6 Re1 37. f3 Rd8 0-1

[Event "Bundesliga 1011"]
[Site "Germany"]
[Date "2011.02.06"]
[Round "9.2"]
[White "Baramidze, David"]
[Black "Chuchelov, Vladimir"]
[Result "1/2-1/2"]
[WhiteElo "2542"]
[BlackElo "2565"]
[PlyCount "53"]
[EventDate "2010.10.09"]
[EventType "team-tourn"]
[EventRounds "15"]
[EventCountry "GER"]
[SourceTitle "EXT 2012"]
[Source "ChessBase"]
[SourceDate "2011.11.24"]
[SourceVersion "1"]
[SourceVersionDate "2011.11.24"]
[SourceQuality "1"]
[WhiteTeam "Hamburger SK"]
[BlackTeam "Katernberg"]
[WhiteTeamCountry "GER"]
[BlackTeamCountry "GER"]

1. Nf3 Nf6 2. c4 e6 3. g3 d5 4. Bg2 dxc4 5. Qa4+ Nbd7 6. Qxc4 a6 7. Qc2 c5 8. 0-0 b5 9. a4 Bb7 10. d3 Be7 11. Nc3 Bc6 12. Nh4 Bxg2 13. Nxg2 Rb8 14. axb5 axb5 15. Bf4 Rb7 16. Ra6 0-0 17. Rfa1 h6 18. R1a5 g5 19. Be3 Qb8 20. h4 Ng4 21. hxg5 hxg5 22. d4 Nxe3 23. Nxe3 cxd4 24. Rxe6 Bf6 25. Ncd5 fxe6 26. Qg6+ Kh8 27. Qh6+ 1/2-1/2

[Event "Bundesliga 1011"]
[Site "Germany"]
[Date "2010.12.11"]
[Round "5.2"]
[White "Murdzia, Piotr"]
[Black "Chuchelov, Vladimir"]
[Result "1/2-1/2"]
[WhiteElo "2477"]
[BlackElo "2565"]
[PlyCount "91"]
[EventDate "2010.10.09"]
[EventType "team-tourn"]
[EventRounds "15"]
[EventCountry "GER"]
[SourceTitle "EXT 2012"]
[Source "ChessBase"]
[SourceDate "2011.11.24"]
[SourceVersion "1"]
[SourceVersionDate "2011.11.24"]
[SourceQuality "1"]
[WhiteTeam "Griesheim"]
[BlackTeam "Katernberg"]
[WhiteTeamCountry "GER"]
[BlackTeamCountry "GER"]

1. d4 Nf6 2. c4 e6 3. Nf3 b6 4. Nc3 Bb4 5. Bg5 Bb7 6. Nd2 h6 7. Bh4 c5 8. d5 Bxc3 9. bxc3 d6 10. e4 Nbd7 11. Be2 Qe7 12. f3 0-0-0 13. 0-0 g5 14. Bf2 Nh5 15. Re1 Nf4 16. Bf1 Qf6 17. Re3 h5 18. Rb1 Kc7 19. Rb2 Rdg8 20. g3 h4 21. g4 Ra8 22. Nb1 Rhb8 23. Na3 a6 24. Nc2 Ne5 25. Nd4 cxd4 26. cxd4 Nd7 27. e5 Qg6 28. exd6+ Kd8 29. dxe6 fxe6 30. a4 Bc6 31. d5 exd5 32. cxd5 Bxd5 33. Re7 Qxd6 34. Rg7 Kc7 35. Rc2+ Bc6 36. Rd2 Qe6 37. Bc4 Nh3+ 38. Kg2 Nxf2 39. Kxf2 Qe8 40. Bd5 Bxd5 41. Qc2+ Bc6 42. Rdxd7+ Qxd7 43. Rxd7+ Kxd7 44. Qf5+ Kd6 45. Qf6+ Kc7 46. Qe5+ 1/2-1/2

[Event "Bundesliga 1011"]
[Site "Germany"]
[Date "2010.11.13"]
[Round "3.2"]
[White "Goloshchapov, Alexander"]
[Black "Chuchelov, Vladimir"]
[Result "1/2-1/2"]
[WhiteElo "2576"]
[BlackElo "2565"]
[PlyCount "86"]
[EventDate "2010.10.09"]
[EventType "team-tourn"]
[EventRounds "15"]
[EventCountry "GER"]
[SourceTitle "EXT 2012"]
[Source "ChessBase"]
[SourceDate "2011.11.24"]
[SourceVersion "1"]
[SourceVersionDate "2011.11.24"]
[SourceQuality "1"]
[WhiteTeam "Remagen"]
[BlackTeam "Katernberg"]
[WhiteTeamCountry "GER"]
[BlackTeamCountry "GER"]

1. d4 Nf6 2. c4 e6 3. g3 d5 4. Nf3 Be7 5. Bg2 0-0 6. 0-0 dxc4 7. Qc2 a6 8. Qxc4 b5 9. Qc2 Bb7 10. Bg5 Nbd7 11. Nbd2 c5 12. Bxf6 Bxf6 13. dxc5 Rc8 14. Nb3 Qc7 15. Rfc1 Bd5 16. Nfd2 Bxg2 17. Kxg2 Qe5 18. Ne4 Qxb2 19. Nxf6+ Qxf6 20. a4 Ne5 21. axb5 axb5 22. Qe4 Nc4 23. c6 Rfd8 24. Rd1 g6 25. Rxd8+ Qxd8 26. Nd4 Qf6 27. Ra6 Nd6 28. Qf4 Qe7 29. Qe5 b4 30. e3 h5 31. h4 Rb8 32. c7 Qxc7 33. Rxd6 b3 34. Nxe6 fxe6 35. Qxe6+ Qf7 36. Qe4 b2 37. Rxg6+ Kf8 38. Qe5 b1Q 39. Qh8+ Ke7 40. Qe5+ Kf8 41. Qh8+ Ke7 42. Qe5+ Kf8 43. Qh8+ Ke7 1/2-1/2

[Event "BEL-chT 1011"]
[Site "Belgium"]
[Date "2010.11.07"]
[Round "3.2"]
[White "Chuchelov, Vladimir"]
[Black "Laurent, Julien G"]
[Result "1/2-1/2"]
[WhiteElo "2564"]
[BlackElo "2291"]
[PlyCount "122"]
[EventDate "2010.09.26"]
[EventType "team-tourn"]
[EventRounds "11"]
[EventCountry "BEL"]
[SourceTitle "EXT 2012"]
[Source "ChessBase"]
[SourceDate "2011.11.24"]
[SourceVersion "1"]
[SourceVersionDate "2011.11.24"]
[SourceQuality "1"]
[WhiteTeam "Rochade"]
[BlackTeam "Namur"]
[WhiteTeamCountry "BEL"]
[BlackTeamCountry "BEL"]

1. Nf3 Nf6 2. c4 e6 3. Nc3 d5 4. d4 Be7 5. Bg5 0-0 6. e3 h6 7. Bh4 Ne4 8. Bxe7 Qxe7 9. Rc1 Nxc3 10. Rxc3 c6 11. Be2 Nd7 12. 0-0 dxc4 13. Bxc4 e5 14. Bb3 e4 15. Nd2 Nf6 16. Qc2 Bg4 17. Re1 Kh8 18. Rc5 Nd7 19. Ra5 Rfe8 20. h3 Be6 21. Rc1 f5 22. Bxe6 Qxe6 23. Qb3 Qxb3 24. Nxb3 Rf8 25. Ra3 Nb6 26. Nc5 Rf7 27. Rb3 Rb8 28. a4 Nd5 29. a5 Kg8 30. Kf1 Re7 31. g3 Kf7 32. Ke2 g5 33. Rh1 Kf6 34. Rc1 Kg6 35. Rf1 Kf6 36. f3 exf3+ 37. Rxf3 Kg6 38. Kf2 g4 39. hxg4 fxg4 40. Rf4 Nxf4 41. gxf4 Kf5 42. a6 b6 43. Nb7 h5 44. Nd6+ Ke6 45. Ne4 h4 46. Rc3 Rh8 47. Kg2 Rg7 48. Ng5+ Rxg5 49. fxg5 h3+ 50. Kh1 Kf5 51. Rxc6 Kxg5 52. d5 Re8 53. Rc3 Rg8 54. Rc1 g3 55. d6 Kg4 56. Rc4+ Kf3 57. d7 Rb8 58. Rc1 Rh8 59. Rc4 Kxe3 60. Rc2 Rg8 61. Kg1 Rh8 1/2-1/2

[Event "Bundesliga 0910"]
[Site "Germany"]
[Date "2010.03.21"]
[Round "13.2"]
[White "McShane, Luke J"]
[Black "Chuchelov, Vladimir"]
[Result "1-0"]
[WhiteElo "2615"]
[BlackElo "2598"]
[PlyCount "71"]
[EventDate "2009.10.16"]
[EventType "team-tourn"]
[EventRounds "15"]
[EventCountry "GER"]
[SourceTitle "CBM 136"]
[Source "ChessBase"]
[SourceDate "2010.05.18"]
[SourceVersion "1"]
[SourceVersionDate "2010.05.18"]
[SourceQuality "1"]
[WhiteTeam "Werder Bremen"]
[BlackTeam "Katernberg"]
[WhiteTeamCountry "GER"]
[BlackTeamCountry "GER"]

1. e4 c5 2. Nf3 d6 3. d4 cxd4 4. Nxd4 Nf6 5. Nc3 a6 6. Be3 e5 7. Nb3 Be6 8. Qd2 Be7 9. f3 0-0 10. 0-0-0 Nbd7 11. Kb1 b5 12. Bd3 Nb6 13. Qf2 Nc4 14. Bxc4 bxc4 15. Nc5 Qc7 16. Nxe6 fxe6 17. Qg3 Rab8 18. Qh3 Kf7 19. f4 Qa5 20. Bc1 exf4 21. Ka1 g5 22. g3 g4 23. Qh6 f3 24. h3 Rg8 25. hxg4 Rxg4 26. Qe3 Qe5 27. Qxf3 Rxg3 28. Qf2 Rg7 29. Qa7 Rgg8 30. Rdf1 h5 31. Bf4 Ra8 32. Qxa8 Rxa8 33. Bxe5 dxe5 34. Rxh5 Bd6 35. Rh6 Be7 36. Rh7+ 1-0

[Event "Bundesliga 0910"]
[Site "Germany"]
[Date "2010.02.27"]
[Round "10.1"]
[White "Romanov, Evgeny"]
[Black "Chuchelov, Vladimir"]
[Result "1/2-1/2"]
[WhiteElo "2588"]
[BlackElo "2598"]
[PlyCount "95"]
[EventDate "2009.10.16"]
[EventType "team-tourn"]
[EventRounds "15"]
[EventCountry "GER"]
[SourceTitle "EXT 2011"]
[Source "ChessBase"]
[SourceDate "2010.11.26"]
[SourceVersion "1"]
[SourceVersionDate "2010.11.26"]
[SourceQuality "1"]
[WhiteTeam "Erfurt"]
[BlackTeam "Katernberg"]
[WhiteTeamCountry "GER"]
[BlackTeamCountry "GER"]

1. c4 Nf6 2. Nc3 e5 3. g3 d5 4. cxd5 Nxd5 5. Bg2 Nb6 6. Nf3 Nc6 7. 0-0 Be7 8. a3 0-0 9. b4 Be6 10. d3 f6 11. Bb2 Qd7 12. Ne4 Rfd8 13. Rc1 a6 14. Qc2 Bd5 15. Ba1 Bxe4 16. dxe4 Bd6 17. h4 Ne7 18. Bc3 Kh8 19. Rfd1 Qe8 20. Bd2 Na4 21. Ne1 c5 22. bxc5 Bxc5 23. Nd3 Bd6 24. Bh3 b5 25. Ba5 Rdb8 26. Nb4 Bc5 27. Qb3 Nc6 28. Nxc6 Qxc6 29. e3 Qe8 30. Bd7 Qf8 31. Rd3 Be7 32. Qa2 Nc5 33. Rdd1 Ra7 34. Bc6 Na4 35. Ra1 Rc8 36. Qe6 Nc5 37. Qd5 Na4 38. Rd3 Nb2 39. Bb6 Nxd3 40. Bxa7 Rd8 41. Qb3 Bc5 42. Bxc5 Nxc5 43. Qb4 Rc8 44. Bd5 g6 45. Rd1 Kg7 46. Ba2 Qe7 47. Qa5 Qc7 48. Qb4 1/2-1/2

[Event "NED-chT 0910"]
[Site "Netherlands"]
[Date "2010.02.13"]
[Round "5.2"]
[White "Chuchelov, Vladimir"]
[Black "Geirnaert, Steven"]
[Result "1-0"]
[WhiteElo "2595"]
[BlackElo "2368"]
[PlyCount "35"]
[EventDate "2009.09.26"]
[EventType "team"]
[EventRounds "9"]
[EventCountry "NED"]
[SourceTitle "EXT 2011"]
[Source "ChessBase"]
[SourceDate "2010.11.26"]
[SourceVersion "1"]
[SourceVersionDate "2010.11.26"]
[SourceQuality "1"]
[WhiteTeam "Hilversum HSG"]
[BlackTeam "Sas van Gent"]
[WhiteTeamCountry "NED"]
[BlackTeamCountry "NED"]

1. Nf3 d5 2. c4 c6 3. e3 Nf6 4. Nc3 g6 5. d4 Bg7 6. Be2 0-0 7. 0-0 Nbd7 8. cxd5 Nxd5 9. e4 Nxc3 10. bxc3 e5 11. Rb1 Re8 12. Bc4 Nb6 13. Bxf7+ Kxf7 14. Ng5+ Kg8 15. Qb3+ Nd5 16. exd5 cxd5 17. dxe5 Rxe5 18. Nf3 1-0

[Event "BEL-chT 0910"]
[Site "Belgium"]
[Date "2009.11.29"]
[Round "5"]
[White "Chuchelov, Vladimir"]
[Black "Ringoir, Tanguy"]
[Result "1/2-1/2"]
[WhiteElo "2598"]
[BlackElo "2406"]
[PlyCount "73"]
[EventDate "2009.09.27"]
[EventType "team-tourn"]
[EventRounds "11"]
[EventCountry "BEL"]
[SourceTitle "EXT 2011"]
[Source "ChessBase"]
[SourceDate "2010.11.26"]
[SourceVersion "1"]
[SourceVersionDate "2010.11.26"]
[SourceQuality "1"]
[WhiteTeam "KSK Rochade"]
[BlackTeam "KBSK Brugge"]
[WhiteTeamCountry "BEL"]
[BlackTeamCountry "BEL"]

1. Nf3 d5 2. d4 Nf6 3. c4 c6 4. Nc3 dxc4 5. a4 Bf5 6. Ne5 Nbd7 7. Nxc4 Nb6 8. Ne5 a5 9. f3 Nfd7 10. e4 Nxe5 11. dxe5 Qxd1+ 12. Kxd1 Be6 13. Kc2 f6 14. Rb1 fxe5 15. b4 Nc4 16. b5 0-0-0 17. bxc6 bxc6 18. Nd1 g6 19. Ne3 Nd6 20. Ba6+ Kd7 21. Rd1 Bh6 22. Ng4 Bg7 23. Nf2 Ra8 24. Nd3 Ke8 25. Nc5 Kf7 26. Bd2 Bc4 27. Bxc4+ Nxc4 28. Kc3 Nxd2 29. Rxd2 Bh6 30. Rd3 Rhb8 31. Rb3 Ke8 32. Kc4 Rxb3 33. Rxb3 Rd8 34. Rd3 Rb8 35. Rb3 Rd8 36. Rd3 Rb8 37. Rb3 1/2-1/2

[Event "BEL-chT 0910"]
[Site "Belgium"]
[Date "2009.11.08"]
[Round "3"]
[White "Chuchelov, Vladimir"]
[Black "Naiditsch, Arkadij"]
[Result "0-1"]
[WhiteElo "2598"]
[BlackElo "2697"]
[PlyCount "80"]
[EventDate "2009.09.27"]
[EventType "team-tourn"]
[EventRounds "11"]
[EventCountry "BEL"]
[SourceTitle "EXT 2011"]
[Source "ChessBase"]
[SourceDate "2010.11.26"]
[SourceVersion "1"]
[SourceVersionDate "2010.11.26"]
[SourceQuality "1"]
[WhiteTeam "KSK Rochade"]
[BlackTeam "Wirtzfeld"]
[WhiteTeamCountry "BEL"]
[BlackTeamCountry "BEL"]

1. Nf3 c5 2. c4 Nf6 3. g3 d5 4. cxd5 Nxd5 5. Bg2 Nc6 6. d4 cxd4 7. Nxd4 Ndb4 8. Nxc6 Qxd1+ 9. Kxd1 Nxc6 10. Nc3 Bf5 11. Bxc6+ bxc6 12. Be3 e5 13. f3 Bb4 14. Na4 0-0 15. a3 Rfd8+ 16. Kc1 Be7 17. Rd1 Rdb8 18. h4 h5 19. Bc5 Bxc5 20. Nxc5 Rb5 21. Na4 e4 22. Nc3 Rc5 23. fxe4 Bxe4 24. Kd2 Bg6 25. Ke1 Rb8 26. Rd4 Ra5 27. Rd2 Rb3 28. Kf2 Kh7 29. Rc1 Rc5 30. Na2 Rf5+ 31. Kg2 Rfb5 32. Rc4 Rxb2 33. Rxb2 Rxb2 34. Nc3 Bd3 35. Rc5 Rc2 36. Rxh5+ Kg8 37. Ra5 Bc4 38. Ne4 Bd5 39. Ra4 Rxe2+ 40. Kf3 Rxe4 0-1

[Event "EU-Cup 25th"]
[Site "Ohrid"]
[Date "2009.10.10"]
[Round "7.4"]
[White "Chuchelov, Vladimir"]
[Black "Riazantsev, Alexander"]
[Result "1/2-1/2"]
[WhiteElo "2598"]
[BlackElo "2646"]
[PlyCount "26"]
[EventDate "2009.10.04"]
[EventType "team-swiss"]
[EventRounds "7"]
[EventCountry "MKD"]
[SourceTitle "CBM 133"]
[Source "ChessBase"]
[SourceDate "2009.11.19"]
[SourceVersion "1"]
[SourceVersionDate "2009.11.19"]
[SourceQuality "1"]
[WhiteTeam "Evry Grand Roque"]
[BlackTeam "Moscow ShSM-64"]
[WhiteTeamCountry "FRA"]
[BlackTeamCountry "RUS"]

1. c4 e6 2. Nf3 Nf6 3. g3 d5 4. b3 Be7 5. Bg2 0-0 6. 0-0 b6 7. Bb2 Bb7 8. d3 c5 9. e3 Nc6 10. Qe2 Re8 11. Rd1 Bf8 12. cxd5 Nxd5 13. Nc3 Nxc3 1/2-1/2

[Event "EU-Cup 25th"]
[Site "Ohrid"]
[Date "2009.10.09"]
[Round "6.4"]
[White "Fiebig, Thomas"]
[Black "Chuchelov, Vladimir"]
[Result "1/2-1/2"]
[WhiteElo "2416"]
[BlackElo "2598"]
[PlyCount "32"]
[EventDate "2009.10.04"]
[EventType "team-swiss"]
[EventRounds "7"]
[EventCountry "MKD"]
[SourceTitle "CBM 133"]
[Source "ChessBase"]
[SourceDate "2009.11.19"]
[SourceVersion "1"]
[SourceVersionDate "2009.11.19"]
[SourceQuality "1"]
[WhiteTeam "Eupen Rochade"]
[BlackTeam "Evry Grand Roque"]
[WhiteTeamCountry "BEL"]
[BlackTeamCountry "FRA"]

1. e4 c5 2. c3 d5 3. exd5 Qxd5 4. d4 Nf6 5. Nf3 e6 6. Be3 cxd4 7. cxd4 Nc6 8. Nc3 Qd6 9. a3 g6 10. Qd2 Bg7 11. Bf4 Qd8 12. Nb5 0-0 13. Nc7 Rb8 14. Nb5 Ra8 15. Nc7 Rb8 16. Nb5 Ra8 1/2-1/2

[Event "EU-Cup 25th"]
[Site "Ohrid"]
[Date "2009.10.05"]
[Round "2.4"]
[White "Chuchelov, Vladimir"]
[Black "Willemze, Thomas"]
[Result "1-0"]
[WhiteElo "2598"]
[BlackElo "2391"]
[PlyCount "45"]
[EventDate "2009.10.04"]
[EventType "team-swiss"]
[EventRounds "7"]
[EventCountry "MKD"]
[SourceTitle "CBM 133"]
[Source "ChessBase"]
[SourceDate "2009.11.19"]
[SourceVersion "1"]
[SourceVersionDate "2009.11.19"]
[SourceQuality "1"]
[WhiteTeam "Evry Grand Roque"]
[BlackTeam "Utrecht"]
[WhiteTeamCountry "FRA"]
[BlackTeamCountry "NED"]

1. c4 c5 2. Nf3 Nc6 3. d4 cxd4 4. Nxd4 g6 5. e4 Nf6 6. Nc3 d6 7. Be2 Nxd4 8. Qxd4 Bg7 9. Bg5 0-0 10. Qd2 Be6 11. Rc1 Qa5 12. f3 Rfc8 13. b3 a6 14. Na4 Qd8 15. Be3 Nd7 16. 0-0 Rab8 17. Nc3 Nc5 18. Rfd1 f5 19. exf5 Bxf5 20. b4 Nd7 21. Nd5 Qf8 22. c5 dxc5 23. g4 1-0

[Event "Bundesliga 0809"]
[Site "Germany"]
[Date "2009.03.29"]
[Round "15.3"]
[White "Chuchelov, Vladimir"]
[Black "Figura, Atila Gajo"]
[Result "1-0"]
[WhiteElo "2575"]
[BlackElo "2412"]
[PlyCount "47"]
[EventDate "2008.10.03"]
[EventType "team-tourn"]
[EventRounds "15"]
[EventCountry "GER"]
[SourceTitle "CBM 129 Extra"]
[Source "ChessBase"]
[SourceDate "2009.05.05"]
[SourceVersion "2"]
[SourceVersionDate "2009.05.20"]
[SourceQuality "1"]
[WhiteTeam "Katernberg"]
[BlackTeam "Kreuzberg"]
[WhiteTeamCountry "GER"]
[BlackTeamCountry "GER"]

1. Nf3 d5 2. c4 d4 3. g3 g6 4. b4 a5 5. b5 Bg7 6. d3 e5 7. Nbd2 Ne7 8. Bg2 0-0 9. 0-0 Nd7 10. a4 f5 11. Ba3 h6 12. Nb3 Re8 13. Qd2 c6 14. Nh4 cxb5 15. axb5 Kh7 16. Bb4 Rb8 17. Bd6 Ra8 18. Nxa5 Nb6 19. c5 Nbd5 20. Nc6 bxc6 21. Rxa8 cxb5 22. Qa2 Nc3 23. Qf7 Nxe2+ 24. Kh1 1-0

[Event "Bundesliga 0809"]
[Site "Germany"]
[Date "2009.01.31"]
[Round "10.1"]
[White "Braun, Arik"]
[Black "Chuchelov, Vladimir"]
[Result "1/2-1/2"]
[WhiteElo "2567"]
[BlackElo "2575"]
[PlyCount "87"]
[EventDate "2008.10.03"]
[EventType "team-tourn"]
[EventRounds "15"]
[EventCountry "GER"]
[SourceTitle "CBM 128 Extra"]
[Source "ChessBase"]
[SourceDate "2009.03.05"]
[SourceVersion "2"]
[SourceVersionDate "2009.03.25"]
[SourceQuality "1"]
[WhiteTeam "Eppingen"]
[BlackTeam "Katernberg"]
[WhiteTeamCountry "GER"]
[BlackTeamCountry "GER"]

1. d4 Nf6 2. c4 e6 3. Nc3 Bb4 4. Qc2 0-0 5. a3 Bxc3+ 6. Qxc3 b6 7. Bg5 Bb7 8. f3 h6 9. Bh4 d5 10. e3 Nbd7 11. cxd5 Nxd5 12. Bxd8 Nxc3 13. Bh4 Nd5 14. Bf2 c5 15. e4 Ne7 16. 0-0-0 Rac8 17. Kb1 cxd4 18. Bxd4 Rfd8 19. Bb5 a6 20. Ba4 Nc5 21. Bxc5 Rxd1+ 22. Bxd1 Rxc5 23. Ne2 Ng6 24. Nc3 Rc7 25. Rf1 Ne5 26. Be2 g5 27. Kc2 Kf8 28. Kd2 Ke7 29. Ke3 Ng6 30. Rd1 Nf4 31. Bf1 e5 32. Rd2 b5 33. g3 Ne6 34. Bh3 Nd4 35. f4 f6 36. fxe5 fxe5 37. Rf2 a5 38. Bf1 Rc5 39. Bd3 b4 40. axb4 axb4 41. Na2 Nc6 42. Rc2 Kd6 43. Rd2 Ke7 44. Rc2 1/2-1/2